Noches blancas /

Gardado en:
Detalles Bibliográficos
Autor Principal: Dostoievski, Fedor (autor)
Outros autores: Cansinos Assens, Rafael (traducción) (traducción)
Formato: Libro
Idioma:Lingua castelá
Publicado: Buenos Aires, Argentina : Espasa-Calpe, 1942, c1942
Series:(Austral ; 322)
Temas:
Etiquetas: Engadir etiqueta
Sen Etiquetas, Sexa o primeiro en etiquetar este rexistro!

MARC

LEADER 00000nam^a2200000^a^4500
001 000138395
005 20250521000000.0
009 20260310095425.751
037 |a Acervo ITESO - Biblioteca 
041 |a ESP 
082 |a 808.  |b AUS V. 322 
100 |a Dostoievski, Fedor  |e (autor) 
240 1 1 |a [Crimen y castigo] 
240 1 1 |a [Noches blancas] 
245 1 0 |a Noches blancas /  |c F. Dostoievski ; tr. por R. Cansinos Assens. 
264 4 |a Buenos Aires, Argentina :  |b Espasa-Calpe,  |c 1942, c1942 
300 |a 155 p. 
336 |a texto  |b txt  |2 rdacontenido 
337 |a sin mediación  |b n  |2 rdamedio 
338 |a volumen  |b nc  |2 rdasoporte 
440 1 |a (Austral ;  |v 322) 
545 0 |a Nacido en Moscú en 1821 y fallecido en San Petersburgo en 1881, el escritor ruso Fedor Dostoievski creció en un ambiente familiar devoto y autoritario y aunque hubo de cursar estudios militares, ya en 1846 presentó su primer libro, la novela Pobres gentes. El autor ruso, aquejado permanentemente por una salud frágil, desarrolló una obra que comprende varios títulos centrales para la narrativa decimonónica, como El doble (1846), Humillados y ofendidos (1862), Apuntes del subsuelo (1865), Crimen y castigo (1866), El idiota (1868-1869), Los demonios (1873), El adolescente (1875) y Los hermanos Karamazov (1879-1880), su última novela. También autor de Noches blancas (1848), La aldea de Stépanchikovo y sus moradores (1859), El sueño del tío (1859), Recuerdos de la casa de los muertos (1861-1862) y El jugador (1867). Dostoievski creó un corpus literario narrativamente muy complejo, que lo revela como un gran conocedor del alma humana y le permite perfilar personajes de profundidad cierta, titubeantes y angustiados ante dilemas éticos y religiosos. 
649 |a XX 
650 |a Cuentos Rusos 
650 |a Novela Rusa 
650 |a Literatura Rusa -  |y Siglo XIX 
650 |a Asesinato en la Literatura 
650 |a Culpa en la Literatura 
650 |a Culpa -  |x Tema Principal 
650 |a Amistad en la Literatura 
650 |a Amor en la Literatura 
650 |a Amor -  |x Tema Principal 
650 |a San Petersburgo, Rusia en la Literatura 
700 |a Cansinos Assens, Rafael  |e (traducción) 
740 3 |a El diario de Raskólnikov /  |c F. Dostoievski ; tr. por R. Cansinos Assens. 
910 |a Fondo Salvador Reynoso Reynoso 
920 |a Impresos - Libros 
930 |a Fondos Especiales 
940 |a Literatura 
905 |a 112 
901 |a 0800014066  |b IT2  |c ESP  |u 20250521 
902 |a https://opac.biblio.iteso.mx/vufind/Record/000138395